000 00515nam a2200181 i 4500
001 38887
003 ES-MaACL
005 20250924063025.0
007 t|
008 030226s1964 sp ||||1| spa d
100 1 _aCampos, Jorge,
_d1916-1983
_934244
245 1 0 _aConversaciones con Azorín /
_cJorge Campos.
260 _aMadrid :
_b[Taurus],
_c1964.
300 _a285 p., 9 lám. ;
_c21 cm.
600 0 4 _aAzorín,
_d1873-1967
_924326
852 _aES-MaACL
_jE-6355
_bR.90682
999 _c38887
_d38887